| 000 | 00312nam a22001097a 4500 | ||
|---|---|---|---|
| 082 | _a621.381528 THO'H | ||
| 100 |
_aTHOMAS, HARRY E _975564 |
||
| 245 | _aHANDBOOK OF TRANSISTORS,SEMICONDUCTORS,INSTRUMENTS AND MICROELECTRONICS | ||
| 260 |
_aENGLEWOOD CLIFF _bPRENTICE HALL _c1968 |
||
| 300 | _aX,453P | ||
| 942 | _cBK | ||
| 999 |
_c580961 _d580961 |
||